Célébrités en A. - Statistiques

Statistiques générales
  • Ce quiz a été pris 1 035 fois
  • Le résultat moyen est 9 sur 16
Statistiques - réponses
Question Célébrité % Correct
Boxeur Américain, considéré comme un des plus grands boxeurs de tous les temps, mort en 2016. Mohamed Ali
96%
Chanteuse Britannique interprète de "Hello". Adèle
91%
Animateur de "Vendredi tout est permis". Arthur
90%
Il est le premier homme à avoir marcher sur la lune. Neil Armstrong
84%
Chanteuse interprète de "Moi, Lolita". Alizée
76%
DJ suédois, décédé en 2018. Avicii
73%
Elle joue le rôle de Rachel dans "Friends". Jennifer Aniston
69%
Animateur TV en France, ayant animé à ces débuts la "Star Academy". Nikos Aliagas
60%
Il joue le roi Arthur dans la série TV "Kaamelott". Alexandre Astier
53%
Mythique président de l'Olympique Lyonnais, de 1987 à 2023. Jean-Michel Aulas
51%
Souverain des Huns de 434 jusqu'à sa mort en mars 453. Attila
49%
Poète et romancier, auteur de "Les Onze Mille Verges" et "Alcools". Guillaume Apollinaire
33%
Humoriste Français, ayant fait ses débuts dans "On ne demande qu'a en rire" et joué dans "Duels à Davidéjonatown". Artus
31%
Footballeur Français, attaquant et champion d'Europe en 2000. Nicolas Anelka
26%
Sixième président Américain, prénommé John Quincy. Adams
24%
Cycliste français né en 1992, membre de l'équipe Soudal Quick-Step. Julian Alaphilippe
24%
Aucun quiz correspondant
Distribution des résultats
% des personnes avec chaque résultat
Percentile par nombre de réponses
Votre historique - résultats
Vous n’avez pas pris ce quiz